000
00310nam a22001337a 4500
003
SGT
082
_a
438
_b
KOT
100
_a
KOTLER, PHILIP
245
_a
MARKETING FOR HOSPITALITY AND TOURISM
260
_a
INDIA
_b
PERSON PUB.
_c
2004
300
_a
893
650
_a
HOSPITALITY AND TOURISM
942
_2
ddc
_c
BK
999
_c
26511
_d
26511